000 00732nam a22002417a 4500
005 20170124110210.0
010 _aA-953492
020 _c78.00
035 _aA-953492
037 _bCen Lib/Ret
040 _aDPL
_bEN
082 _a000
_bKAT
100 _aKatyal, Sukanya
_938002
245 _aWorld knowledge for children /
_cby Sukanya Katyal [and] Kimti Lal; illustrated by Inder Singh
260 _a Delhi
_bShikha Publications
270 _aB-30,East Krishan Nagar
_b Delhi
_e110051
300 _a165p. :
_c22cm(Hb)
_bill.
650 _aGeneral Knowledge
_938003
650 _aWorld Knowledge
_935609
700 _937914
_a Kimti Lal
700 _aSingh, Inder
_938004
942 _2ddc
_cEN
_h000
_mKAT
999 _c133460
_d133460